[Event "1st FIDE OWCCCC Pools-East 2021"]
[Site "Online"]
[Date "2021.02.19"]
[Round "3.2"]
[White "terrry"]
[Black "Maghalashvili, Davit"]
[Result "1-0"]
[WhiteElo "2491"]
[BlackElo "2456"]
[Annotator "TA"]
[PlyCount "69"]
[EventDate "2021.02.19"]
[EventType "team-tourn"]
[EventCountry "NET"]
[SourceTitle "playchess.com"]
[Source "ChessBase"]
[SourceQuality "1"]

1. e4 c5 2. Nf3 d6 3. d4 cxd4 4. Nxd4 Nf6 5. Nc3 a6 6. h3 e5 7. Nde2 h5 8. Bg5 Be7 9. g3 Be6 10. Bg2 Nbd7 11. Qd2 b5 12. a3 Nb6 13. Rd1 Qc7 14. O-O Rd8 15. Kh2 h4 16. Bxh4 Qc8 17. f4 Nc4 18. Qc1 exf4 19. Nxf4 Ne5 20. Nxe6 Qxe6 21. Nd5 Nxd5 22. exd5 Qg6 23. Bxe7 Kxe7 24. Qf4 Rc8 25. c3 Qh6 26. Rde1 Qh5 27. g4 Qg6 28. Rxe5+ dxe5 29. Qxe5+ Kf8 30. d6 Re8 31. Qc5 Rd8 32. d7+ Kg8 33. Bd5 Qxg4 34. Bxf7+ Kh7 35. hxg4 1-0

[Event "1st FIDE OWCCCC Pools-East 2021"]
[Site "Online"]
[Date "2021.02.19"]
[Round "3.2"]
[White "Todorovic, Bojan"]
[Black "Abramov, Valentin"]
[Result "0-1"]
[WhiteElo "2280"]
[BlackElo "2271"]
[Annotator "TA"]
[PlyCount "74"]
[EventDate "2021.02.19"]
[EventType "team-tourn"]
[EventCountry "NET"]
[SourceTitle "playchess.com"]
[Source "ChessBase"]
[SourceQuality "1"]

1. d4 Nf6 2. c4 c5 3. d5 b5 4. cxb5 a6 5. e3 d6 6. a4 g6 7. Ne2 axb5 8. Nec3 b4 9. Nb5 Bb7 10. Bc4 Nbd7 11. b3 Bg7 12. Bb2 O-O 13. O-O Nb6 14. Bxf6 Bxf6 15. Ra2 Qd7 16. Nd2 Bg7 17. e4 Kh8 18. Re1 f5 19. Nf3 fxe4 20. Rxe4 Rf5 21. Rae2 Nxd5 22. Bxd5 Rxd5 23. Qe1 e5 24. h3 Rd3 25. R4e3 Rxe3 26. Rxe3 e4 27. Nd2 d5 28. Re2 Rf8 29. f3 Bc6 30. fxe4 Bxb5 31. axb5 dxe4 32. Rxe4 Qxb5 33. Nc4 Qc6 34. Qe2 Bd4+ 35. Kh1 Qf6 36. Re8 Kg7 37. Rxf8 Qxf8 0-1

[Event "1st FIDE OWCCCC Pools-East 2021"]
[Site "Online"]
[Date "2021.02.19"]
[Round "3.2"]
[White "Lkhagvasuren, Zolboo"]
[Black "Slovak, Pavel"]
[Result "0-1"]
[WhiteElo "1888"]
[BlackElo "1991"]
[Annotator "TA"]
[PlyCount "78"]
[EventDate "2021.02.19"]
[EventType "team-tourn"]
[EventCountry "NET"]
[SourceTitle "playchess.com"]
[Source "ChessBase"]
[SourceQuality "1"]

1. e4 c5 2. Nf3 e6 3. d4 cxd4 4. Nxd4 a6 5. Nc3 Qc7 6. Be3 Nf6 7. Be2 Bb4 8. Qd2 Nxe4 9. Qd3 Nxc3 10. bxc3 Bxc3+ 11. Bd2 Bxa1 12. O-O Bxd4 13. Qxd4 O-O 14. Qg4 f5 15. Qg5 Qd8 16. Qg3 Nc6 17. Bc3 Qe7 18. Bd3 d5 19. Ba1 e5 20. Re1 e4 21. f3 f4 22. Qf2 e3 23. Qe2 Ne5 24. c4 Nxd3 25. Qxd3 dxc4 26. Qxc4+ Be6 27. Qc3 Rac8 28. Qb2 Bf5 29. Re2 Qc7 30. Re1 Rf7 31. g4 fxg3 32. h4 Qc2 33. Re2 Qxb2 34. Bxb2 Rc2 35. Kf1 Bd3 36. Ke1 Rxe2+ 37. Kd1 Rxf3 38. Bc3 Rf1+ 39. Be1 Rfxe1# 0-1

[Event "1st FIDE OWCCCC Pools-East 2021"]
[Site "Online"]
[Date "2021.02.19"]
[Round "3.3"]
[White "Wong, Jianwen"]
[Black "Studnicka, Tomas"]
[Result "1/2-1/2"]
[WhiteElo "2313"]
[BlackElo "2351"]
[Annotator "TA"]
[PlyCount "153"]
[EventDate "2021.02.19"]
[EventType "team-tourn"]
[EventCountry "NET"]
[SourceTitle "playchess.com"]
[Source "ChessBase"]
[SourceQuality "1"]

1. c4 c5 2. g3 Nc6 3. Bg2 g6 4. Nc3 Bg7 5. e4 d6 6. Nge2 Be6 7. d3 Qc8 8. Nd5 Rb8 9. a4 Nd4 10. O-O Bh3 11. Nxd4 Bxg2 12. Kxg2 Bxd4 13. Rb1 h5 14. Be3 h4 15. Bxd4 cxd4 16. Kg1 e6 17. Nf4 Nf6 18. Qf3 Nd7 19. Ne2 Qc5 20. b4 Qe5 21. Qg2 hxg3 22. fxg3 Ke7 23. Qf2 Rh7 24. Nxd4 Rbh8 25. Nf3 Qh5 26. c5 g5 27. cxd6+ Kxd6 28. Qd4+ Ke7 29. Rf2 g4 30. Nh4 Qe5 31. Qxe5 Nxe5 32. d4 Nc6 33. d5 Ne5 34. dxe6 Kxe6 35. Rbf1 Rd8 36. Rf6+ Ke7 37. R6f5 Ke6 38. Rf6+ Ke7 39. R6f5 Nc6 40. b5 Nd4 41. Re5+ Kf8 42. Rd5 Rxd5 43. exd5 Rh5 44. Ng6+ Ke8 45. Nf4 Rh6 46. Kg2 Kd7 47. Rd1 Nc2 48. Rd2 Ne3+ 49. Kg1 Kd6 50. Re2 Nc4 51. Re8 Kc5 52. Ra8 a6 53. bxa6 bxa6 54. Rc8+ Kb4 55. a5 Nxa5 56. Rb8+ Kc5 57. Kg2 Nc4 58. h4 gxh3+ 59. Nxh3 a5 60. Nf4 a4 61. Rc8+ Kd4 62. Kf3 a3 63. Ra8 Kc3 64. g4 Kb2 65. g5 Rb6 66. Nd3+ Kb1 67. Ke4 a2 68. Kd4 Nb2 69. Nxb2 Rxb2 70. d6 a1=Q 71. Rxa1+ Kxa1 72. Ke5 Rb5+ 73. Kf6 Rd5 74. Ke7 Rxg5 75. Kxf7 Rd5 76. Ke6 Rxd6+ 77. Kxd6 1/2-1/2

[Event "1st FIDE OWCCCC Pools-East 2021"]
[Site "Online"]
[Date "2021.02.19"]
[Round "3.3"]
[White "Golovchenko, Gleb"]
[Black "Mitic, Milan"]
[Result "1/2-1/2"]
[WhiteElo "2260"]
[BlackElo "1993"]
[Annotator "TA"]
[PlyCount "137"]
[EventDate "2021.02.19"]
[EventType "team-tourn"]
[EventCountry "NET"]
[SourceTitle "playchess.com"]
[Source "ChessBase"]
[SourceQuality "1"]

1. d4 Nf6 2. Nf3 e6 3. Bf4 c5 4. e3 d5 5. Bd3 Nc6 6. c3 Bd6 7. Bg3 Qe7 8. Ne5 Qc7 9. f4 Ne4 10. Nd2 Nxd2 11. Qxd2 f6 12. Nxc6 bxc6 13. O-O f5 14. Bh4 a5 15. Qe2 h5 16. Kh1 Be7 17. Bxe7 Qxe7 18. c4 Ba6 19. cxd5 Bxd3 20. Qxd3 cxd5 21. dxc5 Qxc5 22. Rac1 Qb6 23. Rc2 O-O 24. Rfc1 Rfb8 25. b3 a4 26. Rc6 Qb5 27. Qd4 Qb4 28. Qe5 Qe4 29. Rxe6 axb3 30. axb3 Rxb3 31. h3 Rxe3 32. Re7 Qxe5 33. fxe5 Ra2 34. e6 Ree2 35. Re8+ Kh7 36. e7 Ra7 37. Rc5 Raxe7 38. Rxe7 Rxe7 39. Rxd5 g6 40. Kh2 Re4 41. Rb5 Kh6 42. Kg3 Kg5 43. Kf3 h4 44. Rb8 Ra4 45. Rb3 Ra2 46. Rc3 Ra4 47. Rb3 Rf4+ 48. Ke2 Re4+ 49. Kf3 Re1 50. Rb6 Ra1 51. Rb3 Ra2 52. Rc3 Ra5 53. Rb3 Re5 54. Rc3 Re4 55. Rc8 Ra4 56. Rc3 Kf6 57. Rb3 Ra5 58. Rb6+ Kg5 59. Rb3 Ra6 60. Rc3 Kf6 61. Rb3 g5 62. Rc3 Ra5 63. Rb3 Ke5 64. Re3+ Kf6 65. Rb3 Re5 66. Ra3 Re6 67. Rb3 Ra6 68. Rc3 Ra5 69. Rb3 1/2-1/2

[Event "1st FIDE OWCCCC Pools-East 2021"]
[Site "Online"]
[Date "2021.02.19"]
[Round "3.3"]
[White "Kubicek, Robert"]
[Black "Munguntuul, Batkhuyag"]
[Result "0-1"]
[WhiteElo "2141"]
[BlackElo "2428"]
[Annotator "TA"]
[PlyCount "60"]
[EventDate "2021.02.19"]
[EventType "team-tourn"]
[EventCountry "NET"]
[SourceTitle "playchess.com"]
[Source "ChessBase"]
[SourceQuality "1"]

1. c4 e6 2. Nc3 d5 3. e3 Nf6 4. Nf3 c6 5. d4 Nbd7 6. Bd2 Be7 7. Rc1 O-O 8. Bd3 dxc4 9. Bxc4 b5 10. Bd3 Bb7 11. O-O a6 12. Bb1 c5 13. dxc5 Nxc5 14. Ne5 Rc8 15. Qe2 b4 16. Nd1 Qd5 17. f4 Nce4 18. Rxc8 Rxc8 19. Nf3 Rd8 20. Bc1 Bc5 21. Nf2 Nxf2 22. Qxf2 h6 23. h3 a5 24. Re1 Bb6 25. Qe2 Ne4 26. Qc2 Rc8 27. Qxe4 Qxe4 28. Bxe4 Bxe4 29. Nd4 f6 30. Nf3 Rxc1 0-1

[Event "1st FIDE OWCCCC Pools-East 2021"]
[Site "Online"]
[Date "2021.02.19"]
[Round "3.3"]
[White "NanaTsikara"]
[Black "Kolar, Pavel"]
[Result "0-1"]
[WhiteElo "1336"]
[BlackElo "2156"]
[Annotator "TA"]
[PlyCount "92"]
[EventDate "2021.02.19"]
[EventType "team-tourn"]
[EventCountry "NET"]
[SourceTitle "playchess.com"]
[Source "ChessBase"]
[SourceQuality "1"]

1. e4 e5 2. Nf3 Nf6 3. Nxe5 d6 4. Nf3 Nxe4 5. Be2 Be7 6. d4 O-O 7. O-O Re8 8. c4 d5 9. c5 Nc6 10. Bf4 Bf6 11. h3 Bf5 12. Na3 a6 13. Nc2 Bg6 14. b4 h6 15. a4 Ne7 16. Ne3 Nf5 17. Ra3 c6 18. Ng4 Be7 19. Nge5 Bh7 20. Qa1 Nh4 21. b5 axb5 22. axb5 Nxf3+ 23. Nxf3 Bf6 24. bxc6 bxc6 25. Ba6 Nxc5 26. Rc1 Nxa6 27. Rxa6 Be4 28. Ne5 Rxa6 29. Qxa6 Bxe5 30. Bxe5 Qg5 31. Qf1 Bxg2 32. f4 Bxf1+ 33. fxg5 Bb5 34. gxh6 f6 35. Bd6 gxh6 36. Ra1 Kf7 37. Ra7+ Kg6 38. Ra2 Re3 39. Rg2+ Kf7 40. h4 h5 41. Rf2 Ke6 42. Bc5 Rg3+ 43. Kh2 Rg4 44. Kh3 Bd3 45. Bb6 Bf5 46. Re2+ Re4+ 0-1

[Event "1st FIDE OWCCCC Pools-East 2021"]
[Site "Online"]
[Date "2021.02.19"]
[Round "3.4"]
[White "Olsarova, Karolina"]
[Black "Mayo Casademont, Marti"]
[Result "1-0"]
[WhiteElo "2290"]
[BlackElo "2247"]
[Annotator "RC"]
[PlyCount "107"]
[EventDate "2021.02.19"]
[EventType "team-tourn"]
[EventCountry "NET"]
[SourceTitle "playchess.com"]
[Source "ChessBase"]
[SourceQuality "1"]

1. e4 d5 2. exd5 Qxd5 3. Nc3 Qd6 4. d4 Nf6 5. Nge2 e6 6. Bf4 Qd8 7. g3 Bd6 8. Bg2 O-O 9. O-O Nbd7 10. Nb5 Bxf4 11. Nxf4 a6 12. Nc3 c5 13. dxc5 Nxc5 14. Qe2 Qc7 15. Rfe1 Bd7 16. Nh5 Nxh5 17. Qxh5 Na4 18. Nxa4 Bxa4 19. Be4 g6 20. Qh4 Bc6 21. Rad1 Bxe4 22. Qxe4 Rad8 23. c4 b6 24. b3 Rd6 25. Rxd6 Qxd6 26. Qe5 Qd2 27. Re2 Qd1+ 28. Re1 Qd2 29. Re2 Qd1+ 30. Kg2 Rd8 31. Qe3 Rd3 32. Re1 Qd2 33. Qe2 a5 34. Kf1 Qc3 35. Rd1 Rxd1+ 36. Qxd1 Kg7 37. Kg2 Qb2 38. Qd6 Qxa2 39. Qd4+ Kg8 40. Qxb6 a4 41. Qb8+ Kg7 42. Qe5+ Kg8 43. bxa4 Qxa4 44. Qb8+ Kg7 45. Qb5 Qd1 46. Qe5+ Kg8 47. c5 Qc2 48. h4 h5 49. Qd4 Kf8 50. Qd6+ Kg7 51. c6 Qe4+ 52. Kh2 Qf3 53. Qd4+ Kf8 54. c7 1-0

[Event "1st FIDE OWCCCC Pools-East 2021"]
[Site "Online"]
[Date "2021.02.19"]
[Round "3.4"]
[White "Vevera, Radek"]
[Black "Vekua, Temur"]
[Result "0-1"]
[WhiteElo "2062"]
[BlackElo "1825"]
[Annotator "TA"]
[PlyCount "128"]
[EventDate "2021.02.19"]
[EventType "team-tourn"]
[EventCountry "NET"]
[SourceTitle "playchess.com"]
[Source "ChessBase"]
[SourceQuality "1"]

1. e4 e5 2. Nf3 Nc6 3. Bc4 Nf6 4. d3 Be7 5. O-O O-O 6. c3 d6 7. Bb3 Bg4 8. Nbd2 d5 9. exd5 Nxd5 10. h3 Bh5 11. Ne4 Bg6 12. Re1 Kh8 13. Ng3 Bf6 14. Ne4 Be7 15. Ng3 Bf6 16. h4 Bxh4 17. Nxh4 Qxh4 18. Bxd5 Rad8 19. Bxc6 Rxd3 20. Qe2 bxc6 21. Be3 Rd5 22. Bxa7 f6 23. Rad1 Rfd8 24. c4 R5d7 25. Rxd7 Rxd7 26. Rd1 Rxd1+ 27. Qxd1 h6 28. b3 Kh7 29. Be3 f5 30. Nf1 f4 31. Bc5 Qg5 32. a4 e4 33. Qd4 f3 34. g3 Qf5 35. Kh2 Qh5+ 36. Kg1 Qg5 37. Ne3 h5 38. Bf8 Bf7 39. Qxg7+ Qxg7 40. Bxg7 Kxg7 41. a5 Be6 42. a6 Bc8 43. a7 Bb7 44. Kh2 Kf6 45. c5 Ke5 46. Nc4+ Kd5 47. Na5 Ba8 48. b4 Kd4 49. Kg1 Kc3 50. Nxc6 Bxc6 51. b5 Ba8 52. c6 Kd2 53. b6 e3 54. fxe3 Ke2 55. b7 f2+ 56. Kh2 f1=Q 57. bxa8=Q Qf2+ 58. Kh3 Qf5+ 59. Kg2 Qf1+ 60. Kh2 Qf2+ 61. Kh3 Qf5+ 62. Kg2 Qf3+ 63. Kg1 Qf2+ 64. Kh1 Kf1 0-1

[Event "1st FIDE OWCCCC Pools-East 2021"]
[Site "Online"]
[Date "2021.02.19"]
[Round "3.4"]
[White "Munkhzul, Davaakhuu"]
[Black "Pilny, Jiri"]
[Result "1-0"]
[WhiteElo "1991"]
[BlackElo "1946"]
[Annotator "TA"]
[PlyCount "57"]
[EventDate "2021.02.19"]
[EventType "team-tourn"]
[EventCountry "NET"]
[SourceTitle "playchess.com"]
[Source "ChessBase"]
[SourceQuality "1"]

1. e4 c6 2. Nc3 d5 3. Nf3 Bg4 4. h3 Bxf3 5. Qxf3 e6 6. Be2 Nd7 7. d4 dxe4 8. Nxe4 Ngf6 9. O-O Nxe4 10. Qxe4 Nf6 11. Qd3 Bd6 12. Bg5 h6 13. Bh4 Qc7 14. c3 Nd5 15. Qf3 Nf4 16. Bc4 Ng6 17. Bg3 Ne7 18. Rae1 O-O 19. Bd3 c5 20. Bxd6 Qxd6 21. Qxb7 Rfb8 22. Qe4 g6 23. dxc5 Qxc5 24. Re2 a5 25. c4 Nc6 26. Qh4 Kg7 27. Be4 Ra7 28. Bxc6 Qxc6 29. Qd4+ 1-0

[Event "1st FIDE OWCCCC Pools-East 2021"]
[Site "Online"]
[Date "2021.02.19"]
[Round "3.4"]
[White "Nikolic, Jelena"]
[Black "Kozhakina, Alena V."]
[Result "0-1"]
[WhiteElo "1696"]
[BlackElo "2271"]
[Annotator "NA RC"]
[PlyCount "82"]
[EventDate "2021.02.19"]
[EventType "team-tourn"]
[EventCountry "NET"]
[SourceTitle "playchess.com"]
[Source "ChessBase"]
[SourceQuality "1"]

1. e4 c6 2. Bc4 d5 3. exd5 cxd5 4. Bb3 Nf6 5. Nf3 Nc6 6. O-O Bg4 7. h3 Bh5 8. d4 e6 9. Bg5 Be7 10. c3 O-O 11. Qd3 Ne4 12. Bxe7 Qxe7 13. Nh2 Bg6 14. Qe3 Na5 15. Bc2 Nc4 16. Qe2 Rac8 17. f3 Ng3 18. Qf2 Nxf1 19. Nxf1 Bxc2 20. Qxc2 Qg5 21. Qe2 Qc1 22. b3 Na3 23. Qd2 Qxd2 24. Nfxd2 Nc2 25. Kf1 Nxa1 26. Ke2 Nc2 27. g3 Rfe8 28. Kd3 Na1 29. Nf1 e5 30. Kd2 exd4 31. cxd4 Rc2+ 32. Kd1 Rxa2 33. Nfd2 a5 34. h4 Re3 35. g4 Nxb3 36. Nxb3 Rxb3 37. Nd2 Rbb2 38. Kc1 Rxd2 39. Kb1 Rh2 40. h5 Raf2 41. g5 Rf1# 0-1

[Event "1st FIDE OWCCCC Pools-East 2021"]
[Site "Online"]
[Date "2021.02.19"]
[Round "3.5"]
[White "Nepomniachtchi, Ian"]
[Black "Niyazgulova, Marina"]
[Result "1-0"]
[WhiteElo "2789"]
[BlackElo "2227"]
[Annotator "TA"]
[PlyCount "69"]
[EventDate "2021.02.19"]
[EventType "team-tourn"]
[EventCountry "NET"]
[SourceTitle "playchess.com"]
[Source "ChessBase"]
[SourceQuality "1"]

1. d4 d5 2. c4 c6 3. Nf3 Nf6 4. e3 Bg4 5. Nc3 e6 6. h3 Bxf3 7. Qxf3 Nbd7 8. Bd3 Bd6 9. O-O O-O 10. Rd1 Re8 11. Qe2 Qe7 12. e4 dxe4 13. Bxe4 Rad8 14. Be3 h6 15. a3 a5 16. Re1 Nxe4 17. Nxe4 Bc7 18. Rad1 Nf6 19. Nc5 Bd6 20. Nd3 Qc7 21. Qf3 Qe7 22. Bd2 Kh7 23. Bxa5 Bc7 24. Bb4 Bd6 25. Bc3 Rd7 26. Ne5 Bxe5 27. dxe5 Rxd1 28. Rxd1 Ng8 29. Rd4 Qc7 30. Qd3+ Kh8 31. Rd7 Qb6 32. Rxf7 Re7 33. Rf8 Qc7 34. Qg6 Rd7 35. Qe8 1-0

[Event "1st FIDE OWCCCC Pools-East 2021"]
[Site "Online"]
[Date "2021.02.19"]
[Round "3.5"]
[White "Demchenko, Anton"]
[Black "Meier, Georg"]
[Result "1/2-1/2"]
[WhiteElo "2610"]
[BlackElo "2628"]
[Annotator "TA"]
[PlyCount "25"]
[EventDate "2021.02.19"]
[EventType "team-tourn"]
[EventCountry "NET"]
[SourceTitle "playchess.com"]
[Source "ChessBase"]
[SourceQuality "1"]

1. d4 Nf6 2. Nf3 e6 3. Bf4 Be7 4. e3 Nh5 5. Bg3 d6 6. c4 b6 7. Nc3 Bb7 8. Bd3 Nd7 9. Qc2 g6 10. O-O-O a6 11. Kb1 Rc8 12. Rhe1 O-O 13. h3 1/2-1/2

[Event "1st FIDE OWCCCC Pools-East 2021"]
[Site "Online"]
[Date "2021.02.19"]
[Round "3.5"]
[White "Rameshbabu, Praggnanandhaa"]
[Black "Georgiadis, Ioannis"]
[Result "1-0"]
[WhiteElo "2594"]
[BlackElo "2487"]
[Annotator "TA"]
[PlyCount "53"]
[EventDate "2021.02.19"]
[EventType "team-tourn"]
[EventCountry "NET"]
[SourceTitle "playchess.com"]
[Source "ChessBase"]
[SourceQuality "1"]

1. Nf3 Nf6 2. g3 b5 3. Bg2 Bb7 4. d3 e6 5. e4 d5 6. exd5 Nxd5 7. O-O a6 8. a4 Nd7 9. Ng5 c6 10. Qh5 g6 11. Qf3 Ne5 12. Qe2 Bg7 13. Ne4 Qe7 14. c4 bxc4 15. dxc4 Nf6 16. Bg5 h6 17. Bxf6 Bxf6 18. Rd1 a5 19. f4 Nxc4 20. Nxf6+ Qxf6 21. Qxc4 O-O 22. Nc3 Ba6 23. Qc5 Rab8 24. Rd2 Rfd8 25. Rad1 Rxd2 26. Rxd2 Kg7 27. Ne4 1-0

[Event "1st FIDE OWCCCC Pools-East 2021"]
[Site "Online"]
[Date "2021.02.19"]
[Round "3.5"]
[White "Erenburg, Sergey"]
[Black "Korobov, Anton"]
[Result "1/2-1/2"]
[WhiteElo "2559"]
[BlackElo "2683"]
[Annotator "TA"]
[PlyCount "90"]
[EventDate "2021.02.19"]
[EventType "team-tourn"]
[EventCountry "NET"]
[SourceTitle "playchess.com"]
[Source "ChessBase"]
[SourceQuality "1"]

1. e4 c5 2. Nf3 d6 3. Bb5+ Bd7 4. c4 Nc6 5. Nc3 e6 6. O-O Nge7 7. d4 cxd4 8. Nxd4 Ng6 9. Be3 Be7 10. Qd2 O-O 11. Rfd1 a6 12. Nxc6 bxc6 13. Ba4 Qc7 14. Bc2 c5 15. Bg5 Bxg5 16. Qxg5 Ne5 17. b3 Nc6 18. Qd2 Nd4 19. Ne2 e5 20. Nxd4 cxd4 21. Bd3 Rfb8 22. Rab1 a5 23. a3 h6 24. Rdc1 Ra7 25. h3 Be6 26. b4 axb4 27. axb4 Ra3 28. c5 dxc5 29. Rxc5 Qd6 30. Rc2 Rb3 31. Rxb3 Bxb3 32. Rb2 Rxb4 33. Qe1 Qc5 34. Bc2 Qc4 35. Qb1 Bxc2 36. Rxb4 Qe2 37. Qc1 Bxe4 38. Rb2 Qh5 39. f3 Bd3 40. Qc8+ Kh7 41. Qg4 Qxg4 42. hxg4 Kg6 43. Kf2 f6 44. Rb7 Bc4 45. Rc7 Bd5 1/2-1/2

[Event "1st FIDE OWCCCC Pools-East 2021"]
[Site "Online"]
[Date "2021.02.19"]
[Round "3.5"]
[White "Shuvalova, Polina"]
[Black "Warakomski, Tomasz"]
[Result "0-1"]
[WhiteElo "2476"]
[BlackElo "2510"]
[Annotator "TA"]
[PlyCount "130"]
[EventDate "2021.02.19"]
[EventType "team-tourn"]
[EventCountry "NET"]
[SourceTitle "playchess.com"]
[Source "ChessBase"]
[SourceQuality "1"]

1. d4 d5 2. Nc3 Nf6 3. Bf4 a6 4. e3 c5 5. dxc5 Nc6 6. Nf3 Qa5 7. Bd3 Bg4 8. Be2 e6 9. O-O Bxc5 10. a3 Qd8 11. h3 Bh5 12. Rc1 Be7 13. Ne5 Nxe5 14. Bxe5 Bg6 15. Bd3 O-O 16. Bxg6 hxg6 17. Qf3 Nd7 18. Bg3 Bf6 19. e4 d4 20. Ne2 Qb6 21. Qb3 Qxb3 22. cxb3 Rfc8 23. Rfd1 Rxc1 24. Rxc1 d3 25. Nc3 Nc5 26. e5 Be7 27. Rd1 Rd8 28. b4 Nb3 29. Bf4 a5 30. bxa5 Nxa5 31. Ne4 Rd4 32. f3 Nc4 33. Bc1 Nxe5 34. b3 f5 35. Bb2 Rd5 36. Bxe5 Rxe5 37. Nf2 Bxa3 38. Nxd3 Rd5 39. Kf2 Kf7 40. Ke2 Bd6 41. f4 Kf6 42. g3 g5 43. Rg1 gxf4 44. gxf4 Rb5 45. b4 Rb6 46. Rb1 Rc6 47. Kd2 Rc4 48. Ke3 Re4+ 49. Kf3 Rd4 50. Ke3 Re4+ 51. Kf3 b5 52. Ra1 Rd4 53. Ke3 Re4+ 54. Kf3 Bxb4 55. Rb1 Bd2 56. Rb3 Re3+ 57. Kf2 Rxh3 58. Ke2 Bxf4 59. Rxb5 Re3+ 60. Kd2 Re5+ 61. Nxf4 Rxb5 62. Ke3 g5 63. Nd3 Rb3 64. Kd4 Rxd3+ 65. Kxd3 e5 0-1

[Event "1st FIDE OWCCCC Pools-East 2021"]
[Site "Online"]
[Date "2021.02.19"]
[Round "3.6"]
[White "Janik, Igor"]
[Black "Gurevich, Ilya"]
[Result "1-0"]
[WhiteElo "2495"]
[BlackElo "2586"]
[Annotator "TA"]
[PlyCount "63"]
[EventDate "2021.02.19"]
[EventType "team-tourn"]
[EventCountry "NET"]
[SourceTitle "playchess.com"]
[Source "ChessBase"]
[SourceQuality "1"]

1. d4 d5 2. c4 c6 3. cxd5 cxd5 4. Bf4 Nc6 5. e3 Nf6 6. Nc3 a6 7. Bd3 e6 8. Rc1 Bd6 9. Bxd6 Qxd6 10. f4 Bd7 11. Nf3 b5 12. O-O O-O 13. Ne5 Rfc8 14. Rf3 Ne7 15. Rh3 g6 16. g4 b4 17. Ne2 Bb5 18. g5 Bxd3 19. Nxd3 Ne4 20. Ng3 Rxc1 21. Qxc1 Rc8 22. Qe1 Nxg3 23. hxg3 Rc2 24. g4 Qc7 25. Qh4 Qc4 26. Qxh7+ Kf8 27. Qh6+ Ke8 28. Qh8+ Ng8 29. Qxg8+ Ke7 30. Rh8 Rc1+ 31. Kg2 Rc2+ 32. Kg3 1-0

[Event "1st FIDE OWCCCC Pools-East 2021"]
[Site "Online"]
[Date "2021.02.19"]
[Round "3.6"]
[White "Kretov, Evgenij"]
[Black "Stefanova, Antoaneta"]
[Result "1-0"]
[WhiteElo "2269"]
[BlackElo "2470"]
[Annotator "TA"]
[PlyCount "137"]
[EventDate "2021.02.19"]
[EventType "team-tourn"]
[EventCountry "NET"]
[SourceTitle "playchess.com"]
[Source "ChessBase"]
[SourceQuality "1"]

1. d4 d5 2. c4 e6 3. Nc3 c6 4. e3 Bd6 5. Bd3 f5 6. Nge2 Nf6 7. O-O O-O 8. f3 dxc4 9. Bxc4 b5 10. Bd3 e5 11. Qc2 g6 12. dxe5 Bxe5 13. Rd1 Qe7 14. Nd4 a6 15. a4 c5 16. f4 Bc7 17. Nf3 b4 18. Bc4+ Be6 19. Nd5 Nxd5 20. Bxd5 Bxd5 21. Rxd5 Nd7 22. b3 a5 23. Kh1 Nf6 24. Rxc5 Bb6 25. Qc4+ Qf7 26. Qxf7+ Rxf7 27. Rb5 Bd8 28. Bb2 Rd7 29. Bd4 Ne4 30. Rc1 Bf6 31. Ne5 Bxe5 32. fxe5 Nd2 33. e6 Re7 34. Rc6 Rae8 35. Rbb6 Nxb3 36. Bf6 Ra7 37. h3 Nd2 38. Bd4 Ne4 39. Rb5 Rae7 40. Rxa5 Rxe6 41. Rxe6 Rxe6 42. Rb5 Ng3+ 43. Kh2 Nf1+ 44. Kg1 Nxe3 45. Rxb4 Nc2 46. Rb8+ Kf7 47. Rb7+ Re7 48. Rxe7+ Kxe7 49. Bc5+ Kd7 50. Kf2 Kc6 51. Bf8 Nd4 52. Ke3 Nc2+ 53. Kf4 Nd4 54. Ke5 Ne2 55. Bh6 Kb6 56. Kf6 Ka5 57. Kg7 Kxa4 58. Kxh7 Kb5 59. Kxg6 Ng3 60. Bf4 Ne2 61. Kxf5 Kc6 62. Be5 Kd7 63. g4 Ke8 64. g5 Kf7 65. g6+ Kg8 66. h4 Ng1 67. h5 Nf3 68. Bf6 Kf8 69. h6 1-0

[Event "1st FIDE OWCCCC Pools-East 2021"]
[Site "Online"]
[Date "2021.02.19"]
[Round "3.6"]
[White "Stysiak, Szymon"]
[Black "Antony, R.."]
[Result "1-0"]
[WhiteElo "2193"]
[BlackElo "2059"]
[Annotator "TA"]
[PlyCount "95"]
[EventDate "2021.02.19"]
[EventType "team-tourn"]
[EventCountry "NET"]
[SourceTitle "playchess.com"]
[Source "ChessBase"]
[SourceQuality "1"]

1. d4 Nf6 2. c4 e6 3. Nf3 d5 4. Nc3 c6 5. cxd5 exd5 6. Bg5 Be7 7. Qc2 Bg4 8. e3 Nbd7 9. Bd3 Rc8 10. h3 Bh5 11. Bf5 Bg6 12. g4 b5 13. Ne5 Nxe5 14. dxe5 Nd7 15. e6 Nf8 16. exf7+ Kxf7 17. Bxe7 Kxe7 18. e4 Bxf5 19. gxf5 d4 20. O-O-O Qb6 21. Ne2 Rd8 22. Rhg1 g6 23. Qd2 Qc5+ 24. Kb1 Qe5 25. Ng3 Kf7 26. f4 Qe7 27. e5 c5 28. Ne4 gxf5 29. Ng5+ Ke8 30. Qd3 c4 31. Qxf5 Nd7 32. Ne4 Rb8 33. Nd6+ Kd8 34. Nf7+ Kc7 35. Nxh8 Rxh8 36. Rxd4 Nc5 37. Rgd1 Nd3 38. R1xd3 cxd3 39. Qxd3 Rg8 40. a4 Rg1+ 41. Ka2 Qf7+ 42. b3 Rg2+ 43. Ka3 Qe7+ 44. Rd6 a6 45. axb5 Rg8 46. b6+ Kb8 47. Qxa6 Rc8 48. b7 1-0

[Event "1st FIDE OWCCCC Pools-East 2021"]
[Site "Online"]
[Date "2021.02.19"]
[Round "3.6"]
[White "Karaia, Alika"]
[Black "Nezamyatin, Ruslan"]
[Result "1-0"]
[WhiteElo "1523"]
[BlackElo "2070"]
[Annotator "TA"]
[PlyCount "89"]
[EventDate "2021.02.19"]
[EventType "team-tourn"]
[EventCountry "NET"]
[SourceTitle "playchess.com"]
[Source "ChessBase"]
[SourceQuality "1"]

1. e4 e6 2. d4 d5 3. Nc3 dxe4 4. Nxe4 Bd7 5. Nf3 Bc6 6. Bd3 Nd7 7. O-O Ngf6 8. Qe2 Nxe4 9. Bxe4 Bxe4 10. Qxe4 c6 11. Bf4 Nf6 12. Qe2 Be7 13. Rad1 Qa5 14. a3 Qf5 15. Be5 O-O 16. c4 Rfd8 17. Rfe1 h6 18. h3 h5 19. Rd3 b5 20. Nd2 bxc4 21. Nxc4 c5 22. Rf3 Qg5 23. dxc5 a5 24. b4 axb4 25. axb4 Qh4 26. Rg3 Ra4 27. Bc3 Bf8 28. Nb6 Ra7 29. Qf3 Nd5 30. Nxd5 Rxd5 31. Rd1 Rad7 32. Rxd5 Rxd5 33. Qe2 Qf4 34. Qe3 Qc4 35. Kh2 g6 36. Rf3 Qf1 37. Qf4 Rf5 38. Qe4 Rxf3 39. Qxf3 Bg7 40. Bxg7 Kxg7 41. c6 Qc4 42. b5 Qxb5 43. Qc3+ Kg8 44. c7 Qe5+ 45. Qxe5 1-0